书目信息 |
| 题名: |
红色教育家王季愚教育思想研究论文集
|
|
| 作者: | 王永清 , 付宏刚 主编 | |
| 分册: | ||
| 出版信息: | 哈尔滨 黑龙江大学出版社 2021.09 |
|
| 页数: | 315页 | |
| 开本: | 23cm | |
| 丛书名: | ||
| 单 册: | ||
| 中图分类: | G40-092.76 | |
| 科图分类: | ||
| 主题词: | 教育思想--jiao yu si xiang--思想评论--中国--现代 | |
| 电子资源: | ||
| ISBN: | 978-7-5686-0671-4 | |
| 000 | 01099nam0 2200277 450 | |
| 001 | 012001001576 | |
| 005 | 20140201155319.0 | |
| 010 | @a978-7-5686-0671-4@dCNY80.00 | |
| 099 | @aCAL 012022017128 | |
| 100 | @a20220905d2021 em y0chiy50 ea | |
| 101 | 0 | @achi |
| 102 | @aCN@b230000 | |
| 105 | @aak a 000yy | |
| 106 | @ar | |
| 200 | 1 | @a红色教育家王季愚教育思想研究论文集@Ahong se jiao yu jia wang ji yu jiao yu si xiang yan jiu lun wen ji@f王永清, 付宏刚主编 |
| 210 | @a哈尔滨@c黑龙江大学出版社@d2021.09 | |
| 215 | @a315页@c图@d23cm | |
| 320 | @a有书目 | |
| 330 | @a本书对已故黑龙江大学副校长王季愚先生的学术思想、管理理念和为师之道进行回忆展示,进而弘扬先生广博深厚的学术造诣以及拼搏奋斗的奉献精神。全书共含思想政治教育、办学治校、教育教学、教育撷英四编内容。 | |
| 600 | 0 | @a王季愚,@Awang ji yu@f1908-1981@x教育思想@x思想评论@j文集 |
| 606 | 0 | @a教育思想@Ajiao yu si xiang@x思想评论@y中国@z现代 |
| 690 | @aG40-092.76@v5 | |
| 701 | 0 | @a王永清@Awang yong qing@4主编 |
| 701 | 0 | @a付宏刚@Afu hong gang@4主编 |
| 801 | 0 | @aCN@bAHXH@c20221111 |
| 905 | @b1366523-7@dG40-092.76@e1287@f5 | |
| 红色教育家王季愚教育思想研究论文集/王永清, 付宏刚主编.-哈尔滨:黑龙江大学出版社,2021.09 |
| 315页:图;23cm |
| ISBN 978-7-5686-0671-4:CNY80.00 |
| 本书对已故黑龙江大学副校长王季愚先生的学术思想、管理理念和为师之道进行回忆展示,进而弘扬先生广博深厚的学术造诣以及拼搏奋斗的奉献精神。全书共含思想政治教育、办学治校、教育教学、教育撷英四编内容。 |
| ● |
| 相关链接 |
|
|
|
|
正题名:红色教育家王季愚教育思想研究论文集
索取号:G40-092.76/1287
 
预约/预借
| 序号 | 登录号 | 条形码 | 馆藏地/架位号 | 状态 | 备注 |
| 1 | 1366523 | 213665238 | 第一样本阅览室/ [索取号:G40-092.76/1287] | 在馆 | |
| 2 | 1366524 | 213665247 | 教育系资料室/ [索取号:G40-092.76/1287] | 在馆 | |
| 3 | 1366525 | 213665256 | 教育系资料室/ [索取号:G40-092.76/1287] | 在馆 | |
| 4 | 1366526 | 213665265 | 第四借阅区/ [索取号:G40-092.76/1287] | 在馆 | |
| 5 | 1366527 | 213665274 | 第四借阅区/ [索取号:G40-092.76/1287] | 在馆 |